| 000 | 00592cam a22002291 4500 | ||
|---|---|---|---|
| 001 | sa 68001945 | ||
| 003 | DLC | ||
| 005 | 20260227112438.0 | ||
| 008 | 940927s1966 ii b 000 0 kano | ||
| 010 | _asa 68001945 | ||
| 025 | _aPL480:I-Kan-971 | ||
| 035 | _a(OCoLC)31187231 | ||
| 040 |
_aDLC _cCU _dCU _dDLC |
||
| 050 | 0 | 0 |
_aJC143.M4 _bD3 |
| 100 | 1 |
_aDāsēganḍa, Hec. Ār., _d1934- |
|
| 245 | 1 | 0 | _aNikolo Mekiyāvelli. |
| 260 | _c1966. | ||
| 300 |
_av, 66 p. _c17 cm. |
||
| 500 | _aIn Kannada. | ||
| 504 | _aBibliography: p. [66]. | ||
| 600 | 1 | 0 |
_aMachiavelli, Niccolò, _d1469-1527. |
| 999 |
_c78337 _d78337 |
||